Local labour markets classification in the Moravia-Silesian region

Saved in:
Bibliographic Details
Main Author: Hančlová, Jana
Other Authors: Horák, Jiří, Šimek, Milan
Format: Book Chapter
Language:English
Subjects:
Tags: Add Tag
No Tags, Be the first to tag this record!

MARC

LEADER 00000naa$a2200000$$$4500
001 0022079
005 20220316100350.0
041 0 |a eng 
044 |a SK 
245 1 0 |a Local labour markets classification in the Moravia-Silesian region  |c Jana Hančlová, Jiří Horák, Milan Šimek 
610 2 0 |a trh práce 
610 2 0 |a klasifikácia 
610 2 0 |a štatistika 
610 2 0 |a analýza faktorová 
610 2 0 |a regióny 
610 2 0 |a Moravsko-sliezsky región 
610 2 0 |a 1995-2002 
100 1 |a Hančlová, Jana 
700 1 |a Horák, Jiří 
700 1 |a Šimek, Milan